Conversations with eckermann : (Record no. 977931)

MARC details
000 -LEADER
fixed length control field 00852nam a2200265 a 4500
001 - CONTROL NUMBER
control field vtls001528291
003 - CONTROL NUMBER IDENTIFIER
control field NLI
005 - DATE AND TIME OF LATEST TRANSACTION
control field 20210627144828.0
008 - FIXED-LENGTH DATA ELEMENTS--GENERAL INFORMATION
fixed length control field 121212s1901 wau 000 0 eng
039 #9 - LEVEL OF BIBLIOGRAPHIC CONTROL AND CODING DETAIL [OBSOLETE]
-- 201212121616
-- VLOAD
040 0# - CATALOGING SOURCE
Original cataloging agency NLI
Language of cataloging eng
Transcribing agency XData_1
Description conventions AACR2
041 0# - LANGUAGE CODE
Language code of text/sound track or separate title eng
044 ## - COUNTRY OF PUBLISHING/PRODUCING ENTITY CODE
MARC country code wau
082 ## - DEWEY DECIMAL CLASSIFICATION NUMBER
Classification number 157
100 1# - MAIN ENTRY--PERSONAL NAME
Personal name Goethe, Johann Wolfgang Von
9 (RLIN) 705711
245 10 - TITLE STATEMENT
Title Conversations with eckermann :
Remainder of title being appreciations and critteisms on many subjects /
Statement of responsibility, etc. by Johann Wolfgang von Goethe ; introduction by Wallace Wood
260 ## - PUBLICATION, DISTRIBUTION, ETC.
Place of publication, distribution, etc. Washington :
Name of publisher, distributor, etc. M. Walter Dunne, Publisher,
Date of publication, distribution, etc. 1901
300 ## - PHYSICAL DESCRIPTION
Extent xii, 397 p. ;
Dimensions 22 cm.
650 #0 - SUBJECT ADDED ENTRY--TOPICAL TERM
Topical term or geographic name entry element German literature
9 (RLIN) 679008
887 ## - NON-MARC INFORMATION FIELD
Content of non-MARC field
901 ## - LOCAL DATA ELEMENT A, LDA (RLIN)
a IMP296135
b 13.07.1953
902 ## - LOCAL DATA ELEMENT B, LDB (RLIN)
a 157 D 375
949 ## - LOCAL PROCESSING INFORMATION (OCLC)
-- VIRTUAITEM
-- 10000
-- 100
6 IMP000296135ENG
942 ## - ADDED ENTRY ELEMENTS (KOHA)
Source of classification or shelving scheme Dewey Decimal Classification
Koha item type Books
Holdings
Withdrawn status Lost status Damaged status Not for loan Home library Current library Date acquired Total Checkouts Full call number Barcode Date last seen Price effective from Koha item type
        National Library of India National Library of India     157 D 375 IMP000296135ENG 27/06/2021 27/06/2021 Books
                                                                           
web counter

Copyright ©2020 The National Library of India, Govt. of India ↔ Hosted by NVLI, MOC ↔ Technology and Design by National Library of India, Ministry of Culture, Govt. of India